01085nas a2200313Ia 450000100030000000300100000300500170001300800410003002200140007103700500008504000460013504100130018124501090019426000130030326400620031630000250037831000200040333600220042333700160044533800060046136200090046754600230047665000270049977300760052681000120060294200150061495201250062999900170075462CO-MdFUSB20170330114904.0151030s9999 ck 000 0 sp d a0120-3975 bColegio Mayor de Nuestra Señora del Rosario aCO-MdFUSBbspacCO-MdFUSBdCO-MdFUSBerda0 aspahspa10aRevista del Colegio Mayor de Nuestra Señora del RosariocColegio Mayor de Nuestra Señora del Rosario aBogotá aColombia :bColegio Mayor de Nuestra Señora del Rosario aNúmero 521c24 cm. aNo aplicab1983 2rdacontenta1ba1 2rdamediab5 a2 a1983 aTexto en español vPublicaciones seriadas dBogotá, Colombia : Colegio Mayor de Nuestra Señora del Rosario 1983 hRevista cCR2ddca3 001040708HEM959850aFUSBCbFUSBCcREVd2005-01-17hNúmero 521, (1983)l0o pR1268r2019-12-12 00:00:00tEj. 1yCR c49421d49421